Personal financial management / (Record no. 3542)
[ view plain ]
| 000 -LEADER | |
|---|---|
| fixed length control field | 00724nam a2200181 a 4500 |
| 020 ## - INTERNATIONAL STANDARD BOOK NUMBER | |
| ISBN | 025603351X |
| 050 00 - CALL NUMBER | |
| Classification number | HG179 |
| Item number | .A555 |
| 100 1# - AUTHOR | |
| Personal name | Amling, Frederick. |
| 245 10 - TITLE | |
| Title | Personal financial management / |
| Statement of responsibility, etc | Frederick Amling, Wiliam G. Droms. |
| 250 ## - EDITION | |
| Edition statement | 2nd ed. |
| 260 ## - PUBLICATION INFORMATION | |
| Place of publication | Homewood, Ill. : |
| Name of publisher | Irwin, |
| Year of publication | 1986. |
| 300 ## - DESCRIPTION | |
| Number of Pages | xvii, 590 p. : |
| Other physical details | ill. ; |
| Dimensions | 25 cm. |
| 500 ## - NOTES | |
| General note | includes index |
| 505 ## - FORMATTED CONTENTS NOTE | |
| Table of Content | Part 1 Setting objectives<br/>Part 2 Financial planning and control<br/>Part 3 Financing consumer expenditures<br/>Part 4 Risk control through insurance<br/>Part 5 Investing for the future<br/>Part 6 Planning for retirement and estate transfer |
| 650 #0 - SUBJECTS | |
| Topical Term | Finance, Personal. |
| 700 1# - OTHER AUTHORS | |
| Personal name | Droms, William G., |
| 942 ## - ADDED ENTRY ELEMENTS (KOHA) | |
| Koha item type | Books |
| Withdrawn status | Lost status | Collection code | Home library | Current library | Shelving location | Date acquired | Full call number | Accession Number | Koha item type |
|---|---|---|---|---|---|---|---|---|---|
| Reference | Methodist University Library Main | Methodist University Library Main | General Stacks | 20/01/2013 | HG179 .A555 | 36895 | Books |